Промышленная безопасность при эксплуатации паровых и водогрейных котлов, сосудов, работающих под давлением, трубопроводов пара и горячей воды (Запись № 429186)

Подробности
000 -МАРКЕР
контрольное поле 02730nam0a2200349 4500
001 - ИДЕНТИФИКАТОР ЗАПИСИ
контрольное поле RU\NLR\bibl\988175
005 - ИДЕНТИФИКАТОР ВЕРСИИ
контрольное поле 20260407100940.0
010 ## - МЕЖДУНАРОДНЫЙ СТАНДАРТНЫЙ НОМЕР КНИГИ (ISBN)
Номер (ISBN) 5-93586-166-6
Тираж 2000
035 ## - ДРУГИЕ СИСТЕМНЫЕ НОМЕРА
Идентификатор записи (NLR Aleph) 000976024
100 ## - ДАННЫЕ ОБЩЕЙ ОБРАБОТКИ
Данные общей обработки 20060927d2004 |||y0rusy50 ca
101 0# - ЯЗЫК РЕСУРСА
Язык текста, звукозаписи и т.д. русский
102 ## - СТРАНА ПУБЛИКАЦИИ ИЛИ ПРОИЗВОДСТВА
Страна публикации Российская Федерация
105 ## - ПОЛЕ КОДИРОВАННЫХ ДАННЫХ: ТЕКСТОВЫЕ МАТЕРИАЛЫ, МОНОГРАФИЧЕСКИЕ
Кодированные данные о монографическом текстовом документе y |||||||||
200 1# - ЗАГЛАВИЕ И СВЕДЕНИЯ ОБ ОТВЕТСТВЕННОСТИ
Основное заглавие Промышленная безопасность при эксплуатации паровых и водогрейных котлов, сосудов, работающих под давлением, трубопроводов пара и горячей воды
Сведения, относящиеся к заглавию сборник документов
Первые сведения об ответственности Федер. горн. и пром. надзор России (Госгортехнадзор России), [НТЦ "Пром. безопасность"]
205 ## - СВЕДЕНИЯ ОБ ИЗДАНИИ
Сведения об издании 2-е изд., испр. и доп.
Дополнительные сведения об издании [офиц. изд.]
210 ## - ПУБЛИКАЦИЯ, РАСПРОСТРАНЕНИЕ И ДР.
Место издания, распространения и т.д. Москва
Имя издателя, распространителя и т. д. Федеральное государственное унитарное предприятие "Научно-технический центр по безопасности в промомышленности Госгортехнадзора России"
Дата издания, распространения и т.д. 2004
215 ## - ФИЗИЧЕСКАЯ ХАРАКТЕРИСТИКА
Специфическое обозначение материала и объем 95 с.
Размеры 20
225 1# - СЕРИЯ
Основное заглавие серии Серия 10 Нормативные документы по безопасности, надзорной и разрешительной деятельности в области котлонадзора и надзора за подъемными сооружениями
Обозначение тома вып. 5
606 1# - НАИМЕНОВАНИЕ ТЕМЫ КАК ПРЕДМЕТ
Наименование темы Паропроводы
Формальный подзаголовок Нормативные документы
Тематический подзаголовок Эксплуатация
-- Техника безопасности
Системный номер авторитетной/нормативной записи 2446158
Идентификатор авторитетной/нормативной записи RU\NLR\auth\661454829
606 1# - НАИМЕНОВАНИЕ ТЕМЫ КАК ПРЕДМЕТ
Наименование темы Сосуды, работающие под давлением
Формальный подзаголовок Нормативные документы
Тематический подзаголовок Технический надзор
Системный номер авторитетной/нормативной записи 1659503
Идентификатор авторитетной/нормативной записи RU\NLR\auth\661033829
606 1# - НАИМЕНОВАНИЕ ТЕМЫ КАК ПРЕДМЕТ
Наименование темы Трубопроводы горячей воды
Формальный подзаголовок Нормативные документы
Тематический подзаголовок Эксплуатация
-- Техника безопасности
Системный номер авторитетной/нормативной записи 2446160
Идентификатор авторитетной/нормативной записи RU\NLR\auth\661454830
606 1# - НАИМЕНОВАНИЕ ТЕМЫ КАК ПРЕДМЕТ
Наименование темы Котлонадзор
Формальный подзаголовок Нормативные документы
Системный номер авторитетной/нормативной записи 2262772
Идентификатор авторитетной/нормативной записи RU\NLR\auth\661356625
686 ## - ИНДЕКСЫ ДРУГИХ КЛАССИФИКАЦИЙ
Индекс Л114.037-51-082н6я8
686 ## - ИНДЕКСЫ ДРУГИХ КЛАССИФИКАЦИЙ
Индекс З370.5-082н65я8
686 ## - ИНДЕКСЫ ДРУГИХ КЛАССИФИКАЦИЙ
Индекс Ж.н607я8
712 01 - НАИМЕНОВАНИЕ ОРГАНИЗАЦИИ - ВТОРИЧНАЯ ОТВЕТСТВЕННОСТЬ
Код отношения Прочие
Начальный элемент ввода Российская Федерация
Структурное подразделение Федеральный горный и промышленный надзор
-- Научно-технический центр по безопасности в промышленности
Системный номер авторитетной/нормативной записи 611080
Идентификатор авторитетной/нормативной записи RU\NLR\AUTH\8810055255
801 #0 - ИСТОЧНИК ЗАПИСИ
Страна Российская Федерация
Организация NLR
Дата составления 20060927
Правила каталогизации rcr
801 #1 - ИСТОЧНИК ЗАПИСИ
Страна Российская Федерация
Организация NLR
Дата составления 20060927
942 ## - ДОПОЛНИТЕЛЬНЫЕ ЭЛЕМЕНТЫ ЗАПИСИ (АБИС)
Тип экземпляра АБИС Книга
980 ## - КОЛЛЕКЦИЯ
Название коллекции Национальная библиография
Экземпляры
Тип экземпляра Дата поступления Источник поступления Библиотека постоянного хранения Библиотека текущего хранения Место хранения Шифр хранения Штрих-код Статус экземпляра
Книга 27.09.2006 Контрольный экземпляр из типографии РНБ (Московский) РНБ (Московский) Фонд нормативно-технических и технических документов Пт 2006-1/50 2265256  
Книга 27.09.2006 Контрольный экземпляр из типографии РНБ (Московский) РНБ (Московский) Фонд нормативно-технических и технических документов, подручный Пт 2006-1/50 1-706366